LEADER 00743nam a2200169 i 4500 001 000000050887 003 CaOOAMICUS 005 20111103000000.0 008 111103s1841 it u000 u ita u 013 $a22058 040 $aSeMil$bita 245 10$aTomo 1. 300 $a312 p. 773 0 $tLettere di vari illustri italiani del secolo 18. e 19. a' loro amici, e de' massimi scienziati e letterati nazionali e stranieri al celebre abate Lazzaro Spallanzani e molte sue risposte ai medesimi, ora per la prima volta pubblicate.$dReggio : Coi tipi Torreggiani e C., 1841-1843.$g1$w()25704 850 $aSeMil 852 $aSeMil$W1$xVenegono$y1$m1S II 22 FA$j17042$B17042$CSeMilBibl$Z2$F17042 $8I 996 $6245$aTomo 1$9(OLS)http://semarc/title/46685 LEADER 00714nam a2200193 i 4500 001 000000125468 003 CaOOAMICUS 005 20040416000000.0 008 040416s1923 it u000 u ita u 013 $a98169 040 $aSeMil$bita 100 1 $aBarbagallo, Corrado <1877-1952>.$0(OLS)http://semarc/name/1316 245 10$aVolume primo. 300 $aXXIII, 222 p. 773 0 $aBarbagallo, Corrado <1877-1952>$tTramonto di una civiltà o la fine della Grecia Antica.$dFirenze : Le Monnier, 1923.$w()11434 850 $aSeMil 852 $aSeMil$W1$xVenegono$y1$m152 38 1 *$j79918$B79918$CSeMilBibl$Z2$F82010 $81 961 $aLascito: Zurleni Domenico 996 $6245$aVolume primo$9(OLS)http://semarc/title/17661